MTG Geography #2 - Statistics

General Stats
  • This quiz has been taken 6 times
  • The average score is 7 of 15
Answer Stats
Hint Answer % Correct
Small continent on Dominaria famous for it's dragons Shiv
100%
Polis of knowledge and enlightenment with a strong connection to Ephara Meletis
60%
Polis of nature; closely tied to Nylea Setessa
60%
Large forest on Dominaria and birthplace of Multani Yavimaya
60%
Where Teferi is from and a kingdom on Jamuraa Zhalfir
60%
First fortress founded by the Dusk Legion Adanto
40%
Ikoria's most powerful bastion that was destroyed during the events of March of the Machine Drannith
40%
Swamplands said to have been created from the footsteps of a great behemoth on Ikoria Indatha
40%
Land of shapeshifters/changelings on Kaldheim Littjara
40%
Floating city of the Moonfolk on Kamigawa Otawara
40%
The white-influenced sphere of New Phyrexia and home to Norn's annex The Fair Basilica
40%
Continent from which Ixalan's vampires originated Torrezon
40%
Sunken ruin located in Ixalan's Inner Sea Azcanta
20%
Flying bastion of Ikoria Skysail
20%
Great library in the center of Strixhaven The Biblioplex
20%
No matching quizzes found
Score Distribution
Percent of People with Each Score
Percentile by Number Answered
Your Score History
You have not taken this quiz